000 00950nam a22002177a 4500
003 BD-DhJNU
005 20260512040810.0
008 260511b |||||||| |||| 00| 0 eng d
020 _a9789849668756
040 _aBD-DhJNU
_bENG
_cBD-DhJNU
_dBD-DhJNU
082 _223
_a320.95492 RAB
100 _aরহমান, মোঃ হাসিবুর
242 _aBangladesh politics and geopolitics
_cMd. Hasibur Rahman
245 _aবাংলাদেশ রাজনীতি ও ভূরাজনীতি /
_cমোঃ হাসিবুর রহমান
246 _aBangladesh er bhurajniti
260 _aঢাকা :
_bবাঙ্গালা গবেষণা প্রকাশনা,
_c2023.
300 _a২৩৮ পৃ. :
_bচিত্র ;
_c২২ সেমি.।
650 _aবাংলাদেশ -- বৈদেশিক সম্পর্ক
650 _aBangladesh -- Foreign relations
942 _2ddc
_cBK
_n0
999 _c2775
_d2775